[Event "33. Senioren LEM Sachsen-Anhalt 65+"]
[Site "Magdeburg, Germany"]
[Date "2025.07.08"]
[Round "2.1"]
[White "Okrajek, Alexander"]
[Black "Poetke, Dan-Peter"]
[Result "1/2-1/2"]
[WhiteElo "2187"]
[BlackElo "1936"]
[PlyCount "80"]
[EventDate "2025.??.??"]

1. Nf3 d5 2. b3 Nf6 3. Bb2 Bf5 4. e3 e6 5. Be2 h6 6. O-O Be7 7. c4 c6 8. Nc3
Nbd7 9. cxd5 exd5 10. d3 O-O 11. h3 Re8 12. Re1 a5 13. Bf1 Bb4 14. a3 Bf8 15.
Na4 Nc5 16. Nxc5 Bxc5 17. Nd4 Bg6 18. Qf3 Nd7 19. Qg3 Qg5 20. Qxg5 hxg5 21. Nf3
f6 22. Rec1 Bd6 23. d4 Kh7 24. a4 Bb4 25. Ba3 Bxa3 26. Rxa3 Rec8 27. Raa1 b6
28. Rc3 Nb8 29. Rac1 Be8 30. Bd3+ Bg6 31. Ne1 Bxd3 32. Nxd3 Kg6 33. b4 Na6 34.
Rxc6 Rxc6 35. Rxc6 Nxb4 36. Nxb4 axb4 37. Rxb6 Rxa4 38. g4 Kf7 39. Rb7+ Ke6 40.
Kg2 Kd6 1/2-1/2

[Event "33. Senioren LEM Sachsen-Anhalt 65+"]
[Site "Magdeburg, Germany"]
[Date "2025.07.08"]
[Round "2.2"]
[White "Dobierzin, Olaf"]
[Black "Kahe, Ralph"]
[Result "0-1"]
[WhiteElo "1932"]
[BlackElo "2149"]
[PlyCount "76"]
[EventDate "2025.??.??"]

1. e4 g6 2. d4 Bg7 3. Nc3 a6 4. f4 d6 5. Nf3 Nd7 6. a4 c5 7. d5 Qc7 8. Qd3 Ngf6
9. Be2 O-O 10. O-O b6 11. Bd2 Bb7 12. h3 Rac8 13. b3 Rfe8 14. Rad1 Rb8 15. e5
dxe5 16. fxe5 Nh5 17. e6 fxe6 18. dxe6 Ndf6 19. Ng5 Rbd8 20. Qe3 Ne4 21. Nf3
Nxd2 22. Rxd2 Rxd2 23. Qxd2 Rd8 24. Qe1 Ng3 25. Rf2 Bxc3 26. Qxc3 Ne4 27. Qe3
Nxf2 28. Kxf2 Rf8 29. Kg1 Qf4 30. Qd3 Bxf3 31. Bxf3 Qd4+ 32. Qxd4 cxd4 33. Bb7
a5 34. Bd5 Kg7 35. Bc4 Kf6 36. Kf2 Ke5+ 37. Ke2 g5 38. g3 h5 0-1

[Event "33. Senioren LEM Sachsen-Anhalt 65+"]
[Site "Magdeburg, Germany"]
[Date "2025.07.08"]
[Round "2.3"]
[White "Koehler, Gerhard"]
[Black "Ehlert, Horst"]
[Result "1-0"]
[WhiteElo "2147"]
[BlackElo "1928"]
[PlyCount "75"]
[EventDate "2025.??.??"]

1. c4 c5 2. Nf3 g6 3. g3 Bg7 4. Bg2 Nc6 5. Nc3 e5 6. d3 Nge7 7. Nd2 O-O 8. Nf1
d6 9. Ne3 Rb8 10. Ned5 Nxd5 11. cxd5 Ne7 12. a4 b6 13. O-O h6 14. Bd2 Bd7 15.
Nb5 Nc8 16. Na3 b5 17. axb5 Bxb5 18. Bc3 a6 19. Nc4 Qe7 20. Qd2 f5 21. Na5 Rb7
22. Nxb7 Qxb7 23. Rfc1 f4 24. e4 Qd7 25. b4 cxb4 26. Bxb4 Kh7 27. Ba5 h5 28.
Rc7 Qe8 29. Rac1 Ne7 30. Qe2 Bh6 31. R1c3 Rf7 32. Bh3 f3 33. Qd1 h4 34. Be6 Rf6
35. Rxe7+ Qxe7 36. Rc7 Qxc7 37. Bxc7 Bf8 38. Bd8 1-0

[Event "33. Senioren LEM Sachsen-Anhalt 65+"]
[Site "Magdeburg, Germany"]
[Date "2025.07.08"]
[Round "2.4"]
[White "Klettke, Wolfgang"]
[Black "Broemel, Richard"]
[Result "1/2-1/2"]
[WhiteElo "1924"]
[BlackElo "2140"]
[PlyCount "40"]
[EventDate "2025.??.??"]

1. e4 c6 2. d4 g6 3. Nc3 d5 4. h3 Bg7 5. Nf3 dxe4 6. Nxe4 Nd7 7. Bd3 Ngf6 8. c3
Nxe4 9. Bxe4 Nf6 10. Bd3 O-O 11. O-O b6 12. Bg5 Bb7 13. Qe2 Qd6 14. Rfe1 Rfe8
15. Rad1 Nd5 16. Ba6 Bxa6 17. Qxa6 e6 18. a3 b5 19. a4 Nc7 20. Qa5 a6 1/2-1/2

[Event "33. Senioren LEM Sachsen-Anhalt 65+"]
[Site "Magdeburg, Germany"]
[Date "2025.07.08"]
[Round "2.5"]
[White "Krieg, Peter"]
[Black "Babrikowski, Peter"]
[Result "0-1"]
[WhiteElo "1924"]
[BlackElo "2103"]
[PlyCount "54"]
[EventDate "2025.??.??"]

1. e4 c5 2. Nf3 e6 3. c3 Nf6 4. Bd3 Nc6 5. O-O Be7 6. Bc2 d6 7. d4 cxd4 8. cxd4
e5 9. Nc3 Bg4 10. dxe5 dxe5 11. Be3 O-O 12. h3 Bh5 13. g4 Bg6 14. Qxd8 Rfxd8
15. Rad1 Bb4 16. Bg5 Rxd1 17. Rxd1 Bxc3 18. bxc3 Nxe4 19. Bxe4 Bxe4 20. Nd2 Bc2
21. Rc1 Bd3 22. Nb3 b6 23. a3 Rc8 24. Be3 Ne7 25. a4 Nd5 26. Bd2 a5 27. Kg2 Rc4
0-1

[Event "33. Senioren LEM Sachsen-Anhalt 65+"]
[Site "Magdeburg, Germany"]
[Date "2025.07.08"]
[Round "2.6"]
[White "Szenetra, Werner"]
[Black "Krien, Hartmut"]
[Result "1-0"]
[WhiteElo "2095"]
[BlackElo "1924"]
[PlyCount "53"]
[EventDate "2025.??.??"]

1. Nf3 Nf6 2. g3 d5 3. Bg2 c6 4. O-O g6 5. d3 Bg7 6. Nbd2 O-O 7. e4 dxe4 8.
dxe4 Bg4 9. h3 Bxf3 10. Qxf3 Nbd7 11. Qe2 Qc7 12. a4 a5 13. Nc4 Ne5 14. Ne3
Rfd8 15. f4 Ned7 16. e5 Ne8 17. Kh2 h5 18. Qc4 e6 19. b3 Nb6 20. Qe4 Nd5 21. c4
Ne7 22. Ba3 Rd7 23. Bxe7 Rxe7 24. c5 b5 25. Qxc6 Qxc6 26. Bxc6 Rc8 27. axb5 1-0

[Event "33. Senioren LEM Sachsen-Anhalt 65+"]
[Site "Magdeburg, Germany"]
[Date "2025.07.08"]
[Round "2.7"]
[White "Schwis, Joachim"]
[Black "Schober, Ralf"]
[Result "0-1"]
[WhiteElo "1922"]
[BlackElo "2091"]
[PlyCount "62"]
[EventDate "2025.??.??"]

1. c4 e5 2. Nf3 Nc6 3. e3 d6 4. Nc3 Nf6 5. Be2 Be7 6. d4 O-O 7. d5 Nb8 8. O-O
Bg4 9. Nd2 Bxe2 10. Qxe2 Nbd7 11. e4 Ne8 12. Nf3 g6 13. Bh6 Ng7 14. b4 f6 15.
Bd2 b6 16. a4 a5 17. b5 f5 18. Bh6 Rf7 19. Ne1 Nc5 20. Ra3 Bg5 21. Bxg7 Kxg7
22. Nd3 Nd7 23. f4 Bxf4 24. Nxf4 exf4 25. Rxf4 Qg5 26. Qf1 Raf8 27. Rf3 Nc5 28.
Qa1 Kg8 29. exf5 Rxf5 30. Rxf5 Qe3+ 31. Kh1 Rxf5 0-1

[Event "33. Senioren LEM Sachsen-Anhalt 65+"]
[Site "Magdeburg, Germany"]
[Date "2025.07.08"]
[Round "2.8"]
[White "Stuemer, Paul"]
[Black "Gutt, Oswald"]
[Result "1/2-1/2"]
[WhiteElo "2076"]
[BlackElo "1909"]
[PlyCount "30"]
[EventDate "2025.??.??"]

1. Nf3 Nf6 2. d4 e6 3. e3 b6 4. Bd3 Bb7 5. O-O Be7 6. c4 O-O 7. Nc3 d5 8. Ne5
c5 9. b3 Nbd7 10. f4 Ne4 11. Nxe4 dxe4 12. Be2 Nxe5 13. fxe5 Qc7 14. Bg4 Rad8
15. Kh1 Bg5 1/2-1/2

[Event "33. Senioren LEM Sachsen-Anhalt 65+"]
[Site "Magdeburg, Germany"]
[Date "2025.07.08"]
[Round "2.9"]
[White "Krueger, Wolfgang"]
[Black "Wagner, Bernd"]
[Result "1-0"]
[WhiteElo "2069"]
[BlackElo "1902"]
[PlyCount "93"]
[EventDate "2025.??.??"]

1. d4 Nc6 2. Nf3 d6 3. e4 e6 4. Nc3 a6 5. g3 Nf6 6. Bg2 Be7 7. O-O O-O 8. h3 d5
9. e5 Nd7 10. h4 Ncb8 11. Ne2 c5 12. c3 Nc6 13. Bh3 b5 14. Ng5 Nb6 15. Nf4 Bxg5
16. hxg5 cxd4 17. cxd4 g6 18. Kg2 Kg7 19. Rh1 Rh8 20. b3 Ne7 21. Be3 Bd7 22.
Rc1 Rc8 23. Qf3 Nc6 24. Nd3 Qe7 25. Rc5 Rhd8 26. Rhc1 Nb8 27. Qe2 Rxc5 28. Rxc5
a5 29. f4 Na6 30. Rc1 Rc8 31. g4 Nb4 32. Nc5 a4 33. Rf1 axb3 34. axb3 Ra8 35.
Rf2 Ra2 36. Qd1 Rxf2+ 37. Kxf2 Bc8 38. Qd2 Na6 39. Qa5 Qa7 40. Bf1 Nd7 41. Bxb5
Ndb8 42. b4 Qa8 43. Ba4 Nc6 44. Bxc6 Qxc6 45. b5 Qc7 46. Qxc7 Nxc7 47. b6 1-0

[Event "33. Senioren LEM Sachsen-Anhalt 65+"]
[Site "Magdeburg, Germany"]
[Date "2025.07.08"]
[Round "2.10"]
[White "Baerthel, Klaus"]
[Black "Heinemann, Ernst"]
[Result "0-1"]
[WhiteElo "1918"]
[BlackElo "2063"]
[PlyCount "69"]
[EventDate "2025.??.??"]

1. e4 g6 2. d4 Bg7 3. f4 d6 4. Nf3 a6 5. Bd3 Nd7 6. c3 b5 7. a4 bxa4 8. Qxa4
Bb7 9. O-O Nh6 10. Nbd2 O-O 11. Qd1 e6 12. Nc4 Nb6 13. Na5 Bc8 14. Qe2 c5 15.
dxc5 dxc5 16. e5 Qe8 17. Be3 Nd5 18. Bxc5 Nxf4 19. Qe4 Nxd3 20. Bxf8 Qxf8 21.
Qxd3 Ra7 22. b4 Rd7 23. Qc4 Qd8 24. h3 Nf5 25. Rfe1 Bh6 26. g4 Qb6+ 27. Nd4
Nxd4 28. cxd4 Rc7 29. Qd3 Bd7 30. Rab1 Bb5 31. Qe4 Rc3 32. Qa8+ Kg7 33. Rbd1
Ba4 34. Rb1 Qxd4+ 35. Kh2 0-1

[Event "33. Senioren LEM Sachsen-Anhalt 65+"]
[Site "Magdeburg, Germany"]
[Date "2025.07.08"]
[Round "2.11"]
[White "Kolthoff, Siegmund"]
[Black "Cordes, Lothar"]
[Result "0-1"]
[WhiteElo "2063"]
[BlackElo "1891"]
[PlyCount "100"]
[EventDate "2025.??.??"]

1. c4 Nf6 2. Nf3 g6 3. g3 Bg7 4. Bg2 c5 5. Nc3 Nc6 6. d4 cxd4 7. Nxd4 Nxd4 8.
Qxd4 O-O 9. O-O d6 10. Qd3 a6 11. Bd2 Rb8 12. a4 Bd7 13. Rac1 Bc6 14. e4 Qd7
15. b3 Rfc8 16. Bf4 b6 17. Rfd1 Qb7 18. Re1 Nd7 19. Qb1 Nc5 20. f3 Bd4+ 21. Kh1
Re8 22. Nd5 Bd7 23. Bg5 Kf8 24. Red1 Ne6 25. Bh6+ Bg7 26. Qb2 Kg8 27. Bxg7 Nxg7
28. f4 Qc8 29. Qf2 Qc5 30. Qd2 Be6 31. b4 Qc8 32. Qd4 Bxd5 33. cxd5 Qd7 34. Rc6
Rec8 35. Rdc1 Rxc6 36. Rxc6 Ne6 37. Qc3 Nd8 38. Rc7 Qxa4 39. h3 Qe8 40. h4 Nb7
41. Bh3 a5 42. Rc6 axb4 43. Qxb4 Nc5 44. e5 Qd8 45. exd6 exd6 46. h5 gxh5 47.
f5 Qg5 48. Kh2 Qe3 49. Rxd6 Ne4 50. Rc6 Qxg3+ 0-1

[Event "33. Senioren LEM Sachsen-Anhalt 65+"]
[Site "Magdeburg, Germany"]
[Date "2025.07.08"]
[Round "2.12"]
[White "Domroese, Michael"]
[Black "Kliewe, Hans-Juergen"]
[Result "1-0"]
[WhiteElo "1904"]
[BlackElo "2045"]
[PlyCount "81"]
[EventDate "2025.??.??"]

1. e4 e6 2. Nc3 d5 3. d4 Bb4 4. exd5 exd5 5. Bd3 Nf6 6. Bg5 O-O 7. a3 Re8+ 8.
Nge2 Bxc3+ 9. bxc3 c6 10. O-O Bg4 11. f3 Bh5 12. Rb1 b5 13. Nf4 Bg6 14. Nxg6
hxg6 15. f4 Qd6 16. Bxf6 gxf6 17. Qg4 Kg7 18. f5 g5 19. h4 Rh8 20. hxg5 Qh2+
21. Kf2 Rh4 22. gxf6+ Kxf6 23. Qg8 Rh8 24. Qg3 Qxg3+ 25. Kxg3 Nd7 26. Kf4 Rag8
27. g4 Nb6 28. Rh1 Na4 29. Rxh8 Rxh8 30. g5+ Ke7 31. Re1+ Kd6 32. g6 fxg6 33.
fxg6 Nxc3 34. Kg5 Ne4+ 35. Bxe4 dxe4 36. Rxe4 Kd5 37. Rf4 a5 38. g7 Rg8 39. Kg6
b4 40. axb4 a4 41. Rf8 1-0

[Event "33. Senioren LEM Sachsen-Anhalt 65+"]
[Site "Magdeburg, Germany"]
[Date "2025.07.08"]
[Round "2.13"]
[White "Ellerbrock, Manfred"]
[Black "Bauer, Burkhard"]
[Result "1/2-1/2"]
[WhiteElo "1894"]
[BlackElo "2023"]
[PlyCount "41"]
[EventDate "2025.??.??"]

1. d4 Nf6 2. c4 e6 3. Nc3 Bb4 4. Bg5 h6 5. Bh4 b6 6. Nf3 Bxc3+ 7. bxc3 Bb7 8.
e3 Qe7 9. Bd3 d6 10. O-O Nbd7 11. Re1 e5 12. Nd2 O-O 13. f3 Rfe8 14. a4 a5 15.
Rb1 Rad8 16. Qc2 g5 17. Bf2 Kg7 18. Ne4 Nxe4 19. Bxe4 Bxe4 20. Qxe4 Nf6 21. Qf5
1/2-1/2

[Event "33. Senioren LEM Sachsen-Anhalt 65+"]
[Site "Magdeburg, Germany"]
[Date "2025.07.08"]
[Round "2.14"]
[White "Waltenberger, Udo"]
[Black "Buss, Heiko"]
[Result "1-0"]
[WhiteElo "2012"]
[BlackElo "1886"]
[PlyCount "135"]
[EventDate "2025.??.??"]

1. Nf3 g6 2. g3 Bg7 3. d4 c5 4. c4 cxd4 5. Nxd4 Nc6 6. Nxc6 bxc6 7. Nc3 Nf6 8.
Bg2 O-O 9. O-O Qc7 10. Bd2 Rb8 11. Qc2 d6 12. Rac1 Bd7 13. b3 Qc8 14. Rfe1 e6
15. e4 e5 16. Red1 Bg4 17. f3 Bh3 18. Be3 Bxg2 19. Kxg2 Qc7 20. c5 dxc5 21. Na4
Nd7 22. Nxc5 Nxc5 23. Qxc5 Rfc8 24. Qd6 Bf8 25. Qxc7 Rxc7 26. Rc4 Rb4 27. Rdc1
Rxc4 28. Rxc4 f6 29. Ra4 c5 30. Rc4 a5 31. Ra4 Be7 32. Bd2 Kf7 33. Bxa5 Rd7 34.
Kf2 Rd4 35. Rc4 Ke6 36. Ke2 Kd6 37. Bc3 Rxc4 38. bxc4 Bd8 39. Kd2 Kc6 40. Kc2
Kb6 41. f4 Bc7 42. fxe5 Bxe5 43. h4 h5 44. Be1 Bd4 45. Kd3 Kc6 46. Bd2 Be5 47.
Bf4 Bd4 48. Ke2 Kb6 49. Be3 Be5 50. Kf3 Bd6 51. Bf4 Be5 52. Be3 Bd6 53. Bd2 Be5
54. g4 Kc6 55. g5 Kb6 56. gxf6 Bxf6 57. Bg5 Bc3 58. Kf4 Kc6 59. Be7 Bd2+ 60.
Ke5 Be1 61. Ke6 Bd2 62. e5 g5 63. Bxg5 Bxg5 64. hxg5 h4 65. g6 h3 66. g7 h2 67.
g8=Q h1=Q 68. Qa8+ 1-0

[Event "33. Senioren LEM Sachsen-Anhalt 65+"]
[Site "Magdeburg, Germany"]
[Date "2025.07.08"]
[Round "2.15"]
[White "Just, Joachim"]
[Black "Krueger, Erich"]
[Result "1/2-1/2"]
[WhiteElo "1887"]
[BlackElo "2002"]
[PlyCount "55"]
[EventDate "2025.??.??"]

1. d4 Nf6 2. Nf3 g6 3. Bg5 Bg7 4. e3 d6 5. Nbd2 O-O 6. Bd3 c5 7. c3 Nc6 8. O-O
h6 9. Bxf6 Bxf6 10. Ne4 Bg7 11. Re1 c4 12. Be2 d5 13. Ng3 b5 14. e4 Be6 15. Qd2
Qb6 16. Nh4 b4 17. Bf3 bxc3 18. bxc3 Qa5 19. exd5 Bxd5 20. Bxd5 Qxd5 21. Rad1
Rad8 22. Qe2 e6 23. Ne4 e5 24. dxe5 Qxe5 25. Rxd8 Rxd8 26. Qxc4 Ne7 27. Nf3 Qa5
28. h3 1/2-1/2

[Event "33. Senioren LEM Sachsen-Anhalt 65+"]
[Site "Magdeburg, Germany"]
[Date "2025.07.08"]
[Round "2.16"]
[White "Richter, Rainer"]
[Black "Matthews, Gabriel"]
[Result "1-0"]
[WhiteElo "1996"]
[BlackElo "1877"]
[PlyCount "103"]
[EventDate "2025.??.??"]

1. d4 Nf6 2. Bf4 c5 3. e3 Qb6 4. Nc3 d6 5. Rb1 g6 6. Nf3 Bg7 7. Be2 O-O 8. O-O
Nc6 9. d5 Nb8 10. e4 Bg4 11. Qd2 Nbd7 12. Bh6 a6 13. Rfe1 Qa5 14. Bxg7 Kxg7 15.
a4 h6 16. Qe3 Qc7 17. Nh4 Bxe2 18. Rxe2 e5 19. dxe6 fxe6 20. f4 Nh5 21. Rf1 Qd8
22. g3 Qf6 23. Rd1 Qe7 24. Nf3 Rad8 25. Red2 Nb8 26. Ne2 Nc6 27. e5 dxe5 28.
Nxe5 Rxd2 29. Rxd2 Nxe5 30. Qxe5+ Kh7 31. Rd6 Ng7 32. Rb6 Rd8 33. Qe4 Rd7 34.
Nc3 Rd4 35. Rxb7 Rxe4 36. Rxe7 Re1+ 37. Kf2 Rc1 38. Ne4 Rxc2+ 39. Kf3 Kg8 40.
g4 Kf8 41. Rb7 Rxh2 42. Nxc5 Rh3+ 43. Kg2 Re3 44. Kf2 Rh3 45. Nxa6 h5 46. gxh5
Nxh5 47. Nc5 Nxf4 48. a5 g5 49. a6 g4 50. a7 g3+ 51. Kf3 g2+ 52. Kf2 1-0

[Event "33. Senioren LEM Sachsen-Anhalt 65+"]
[Site "Magdeburg, Germany"]
[Date "2025.07.08"]
[Round "2.17"]
[White "Reimann, Reinhold"]
[Black "Kopp, Peter"]
[Result "1/2-1/2"]
[WhiteElo "1879"]
[BlackElo "1988"]
[PlyCount "54"]
[EventDate "2025.??.??"]

1. d4 Nf6 2. Nf3 d6 3. e3 Nbd7 4. Bc4 d5 5. Bd3 g6 6. c3 Bg7 7. Nbd2 O-O 8. O-O
Re8 9. e4 dxe4 10. Nxe4 Nxe4 11. Bxe4 Nf6 12. Bc2 Bg4 13. h3 Bxf3 14. Qxf3 Qd5
15. Qxd5 Nxd5 16. Be4 c6 17. Bxd5 cxd5 18. f4 e6 19. g4 f5 20. g5 b5 21. a3 a5
22. Bd2 b4 23. Kg2 Reb8 24. axb4 axb4 25. cxb4 Bxd4 26. Bc3 Bb6 27. Be5 Rc8
1/2-1/2

[Event "33. Senioren LEM Sachsen-Anhalt 65+"]
[Site "Magdeburg, Germany"]
[Date "2025.07.08"]
[Round "2.18"]
[White "McAndrew, Robert"]
[Black "Albert, Gerhard"]
[Result "1/2-1/2"]
[WhiteElo "1978"]
[BlackElo "1875"]
[PlyCount "32"]
[EventDate "2025.??.??"]

1. c4 Nf6 2. g3 e6 3. Bg2 d5 4. Nf3 Be7 5. O-O O-O 6. b3 b6 7. Bb2 Bb7 8. d3 c5
9. cxd5 exd5 10. d4 Nbd7 11. Nc3 Re8 12. Re1 Rc8 13. Rc1 Ne4 14. e3 Ndf6 15.
Nxe4 Nxe4 16. Nd2 Bf6 1/2-1/2

[Event "33. Senioren LEM Sachsen-Anhalt 65+"]
[Site "Magdeburg, Germany"]
[Date "2025.07.08"]
[Round "2.19"]
[White "Winkler, Karl"]
[Black "Stern, Geoffrey"]
[Result "0-1"]
[WhiteElo "1877"]
[BlackElo "1974"]
[PlyCount "146"]
[EventDate "2025.??.??"]

1. e4 e6 2. d4 d5 3. exd5 exd5 4. Bd3 Nf6 5. Ne2 c5 6. dxc5 Bxc5 7. Nbc3 Nc6 8.
O-O O-O 9. Bg5 Be6 10. Na4 Be7 11. Re1 Ne5 12. Nf4 Nxd3 13. Qxd3 Qd6 14. Nxe6
fxe6 15. f3 Rae8 16. g3 Nh5 17. Bxe7 Rxe7 18. Rad1 Nxg3 19. c4 Nh5 20. cxd5 Nf4
21. Qe4 e5 22. Nc3 Qb6+ 23. Re3 Rf6 24. Rd2 Rg6+ 25. Kh1 Nh3 26. Rg2 Rxg2 27.
Kxg2 Nf4+ 28. Kg3 Qxb2 29. Ne2 Nxe2+ 30. Rxe2 Qb6 31. Rc2 Re8 32. Qc4 Qd6 33.
Qe4 h6 34. Kg2 Qf6 35. Rc7 Qb6 36. Qc4 Kh8 37. Rc8 Qg6+ 38. Kf2 Kh7 39. Rc7 e4
40. Qc2 e3+ 41. Ke2 Qxc2+ 42. Rxc2 Re5 43. Rc7 Rxd5 44. Kxe3 Ra5 45. Rc2 Kg6
46. Kf4 Kf6 47. Re2 Ra4+ 48. Kg3 Rb4 49. Kf2 a5 50. Kg3 a4 51. Rc2 b5 52. Re2
Rb1 53. Rc2 a3 54. Kf4 Rb2 55. Rc6+ Kf7 56. Rb6 Rxa2 57. Rxb5 Rxh2 58. Rb7+ Kg6
59. Rb6+ Kh7 60. Ra6 a2 61. Kg3 Rb2 62. Kh3 h5 63. Kg3 g6 64. Kh4 Kh6 65. Kg3
Kg5 66. Ra5+ Kf6 67. Kh4 g5+ 68. Kxh5 Rg2 69. f4 gxf4 70. Kh4 f3 71. Kh3 Ke6
72. Ra3 Ke5 73. Rxf3 Rg1 0-1

[Event "33. Senioren LEM Sachsen-Anhalt 65+"]
[Site "Magdeburg, Germany"]
[Date "2025.07.08"]
[Round "2.20"]
[White "Reinhold, Klaus"]
[Black "De Boer, Albert"]
[Result "1/2-1/2"]
[WhiteElo "1969"]
[BlackElo "1865"]
[PlyCount "48"]
[EventDate "2025.??.??"]

1. d4 g6 2. e4 d6 3. Nf3 Nf6 4. Nc3 Bg7 5. h3 c6 6. Bc4 b5 7. Bd3 O-O 8. O-O b4
9. Ne2 Nbd7 10. a3 c5 11. axb4 cxb4 12. e5 dxe5 13. dxe5 Nd5 14. Be4 N7b6 15.
c4 bxc3 16. Nxc3 Bb7 17. Nxd5 Bxd5 18. Bxd5 Qxd5 19. Qxd5 Nxd5 20. Ra5 e6 21.
Bd2 Rfb8 22. Bc3 Rb3 23. Nd2 Rb7 24. Rfa1 Rc7 1/2-1/2

[Event "33. Senioren LEM Sachsen-Anhalt 65+"]
[Site "Magdeburg, Germany"]
[Date "2025.07.08"]
[Round "2.21"]
[White "Stummeyer, Dieter"]
[Black "Birken, Michael"]
[Result "1/2-1/2"]
[WhiteElo "1865"]
[BlackElo "1967"]
[PlyCount "76"]
[EventDate "2025.??.??"]

1. e4 c5 2. Nf3 d6 3. d4 cxd4 4. Nxd4 Nf6 5. Nc3 g6 6. Be2 Bg7 7. Be3 O-O 8.
O-O Nc6 9. f4 a6 10. f5 Nxd4 11. Bxd4 b5 12. fxg6 fxg6 13. e5 dxe5 14. Bxe5 Bb7
15. Bf3 Bxf3 16. Rxf3 Qb6+ 17. Bd4 Qc6 18. a3 Rad8 19. Rd3 Rd6 20. Qd2 Rfd8 21.
Rd1 Ne4 22. Qe3 Bxd4 23. Rxd4 Rxd4 24. Rxd4 Rxd4 25. Qxd4 Nxc3 26. bxc3 Qd6 27.
Qxd6 exd6 28. Kf2 Kf7 29. Ke3 Ke6 30. Kd4 Kd7 31. Kd5 Kc7 32. g4 h5 33. h3 Kd7
34. gxh5 gxh5 35. c4 bxc4 36. Kxc4 Kc6 37. Kd4 d5 38. h4 Kd6 1/2-1/2

[Event "33. Senioren LEM Sachsen-Anhalt 65+"]
[Site "Magdeburg, Germany"]
[Date "2025.07.08"]
[Round "2.22"]
[White "Mikolajewski, Armin"]
[Black "Broeder, Hans Gert"]
[Result "1/2-1/2"]
[WhiteElo "1964"]
[BlackElo "1804"]
[PlyCount "73"]
[EventDate "2025.??.??"]

1. d4 d5 2. c4 c6 3. Nc3 dxc4 4. e3 b5 5. Nf3 Bb7 6. Ne5 Nd7 7. f4 Ngf6 8. Be2
Nd5 9. Bf3 e6 10. O-O Be7 11. Qe2 N7b6 12. Be4 Nxc3 13. bxc3 Nd5 14. Bd2 O-O
15. Bc2 Qe8 16. e4 Nc7 17. Rab1 f6 18. Nxc4 c5 19. Ne3 Rd8 20. dxc5 Bxc5 21.
Rfd1 Qg6 22. f5 exf5 23. exf5 Qg5 24. Kh1 Rxd2 25. Rxd2 Bxe3 26. Bb3+ Kh8 27.
Rd7 Bb6 28. Rbd1 h5 29. Rd8 Ne8 30. R1d2 Bxd8 31. Rxd8 h4 32. h3 Kh7 33. Bd1
Kh6 34. Bc2 Qc1+ 35. Bd1 Qg5 36. Bc2 Qc1+ 37. Bd1 1/2-1/2

[Event "33. Senioren LEM Sachsen-Anhalt 65+"]
[Site "Magdeburg, Germany"]
[Date "2025.07.08"]
[Round "2.23"]
[White "Vonach, Bernhard"]
[Black "Barten, Ralf"]
[Result "1/2-1/2"]
[WhiteElo "1831"]
[BlackElo "1955"]
[PlyCount "64"]
[EventDate "2025.??.??"]

1. Nf3 d5 2. d4 Nf6 3. g3 c6 4. Bg2 Bf5 5. b3 e6 6. O-O Be7 7. Nbd2 O-O 8. Bb2
Nbd7 9. c4 Ne4 10. Nxe4 Bxe4 11. Ne1 Bxg2 12. Kxg2 Bf6 13. Nd3 dxc4 14. bxc4
Nb6 15. Qb3 Bxd4 16. Rfd1 Bxb2 17. Nxb2 Qc7 18. Na4 Nxa4 19. Qxa4 b6 20. Rd3
Rfd8 21. Rad1 Rxd3 22. Rxd3 h6 23. Qd1 b5 24. Rd7 Qe5 25. cxb5 cxb5 26. Qd3 a5
27. Qf3 Rf8 28. Qd3 b4 29. a3 Qc5 30. axb4 axb4 31. Rb7 Rc8 32. Qd7 Qc6+
1/2-1/2

[Event "33. Senioren LEM Sachsen-Anhalt 65+"]
[Site "Magdeburg, Germany"]
[Date "2025.07.08"]
[Round "2.24"]
[White "Fabig, Holger"]
[Black "Grube, Kurt"]
[Result "1-0"]
[WhiteElo "1955"]
[BlackElo "1706"]
[PlyCount "69"]
[EventDate "2025.??.??"]

1. e4 c5 2. Nc3 Nc6 3. g3 Nf6 4. Bg2 e6 5. d3 Be7 6. f4 d6 7. Nf3 Nd4 8. O-O
O-O 9. h3 Rb8 10. Be3 Nxf3+ 11. Qxf3 b5 12. g4 b4 13. Ne2 Bb7 14. Qg3 Nd7 15.
f5 Bg5 16. Bxg5 Qxg5 17. Qxd6 Qe3+ 18. Rf2 Bc8 19. fxe6 Rb6 20. exf7+ Rxf7 21.
Qg3 Qxg3 22. Nxg3 Rxf2 23. Kxf2 Ne5 24. Ke3 a5 25. Rf1 Be6 26. Nf5 g6 27. Ne7+
Kg7 28. Nd5 Rd6 29. c4 Nc6 30. b3 Bf7 31. g5 Nd4 32. Rf6 Ne6 33. h4 Rd7 34. Bh3
Rd6 35. Nc7 1-0

[Event "33. Senioren LEM Sachsen-Anhalt 65+"]
[Site "Maritim-Hotel Magdeburg"]
[Date "2025.07.08"]
[Round "2.25"]
[White "Mertens, Lothar"]
[Black "Heise, Juergen"]
[Result "1/2-1/2"]
[WhiteElo "1709"]
[BlackElo "1947"]
[PlyCount "90"]
[EventDate "2025.07.07"]
[WhiteTeam "VfL Kalbe/Milde"]
[BlackTeam "Schachverein Freibauer Barleben"]

1. e4 c5 2. Nf3 g6 3. d4 Bg7 4. c3 Qc7 5. dxc5 Qxc5 6. Be3 Qc7 7. Bd4 f6 8. Qb3
Nh6 9. Nbd2 Nc6 10. Qc4 Nf7 11. Bd3 O-O 12. h4 a6 13. Be3 b5 14. Qc5 d6 15. Qb6
Qxb6 16. Bxb6 Nce5 17. Bc2 Bb7 18. Nxe5 Nxe5 19. f3 Rfc8 20. Bb3+ Kf8 21. Be6
Nd3+ 22. Kf1 Rc6 23. Be3 Nc5 24. Bd5 Rc7 25. Bxb7 Nxb7 26. h5 Kf7 27. hxg6+
hxg6 28. Ke2 Rh8 29. Rxh8 Bxh8 30. Rh1 Bg7 31. g4 e6 32. Rh7 g5 33. Bb6 Rd7 34.
Be3 Kg6 35. Rh1 Na5 36. Bd4 Nc6 37. Be3 d5 38. exd5 Rxd5 39. Nb3 f5 40. Rd1
fxg4 41. fxg4 Rxd1 42. Kxd1 Ne5 43. Bd4 Nxg4 44. Bxg7 Kxg7 45. Nc5 Ne3+ 1/2-1/2

[Event "33. Senioren LEM Sachsen-Anhalt 65+"]
[Site "Maritim-Hotel Magdeburg"]
[Date "2025.07.08"]
[Round "2.26"]
[White "Wulff, Ruediger"]
[Black "Lehr, Thomas"]
[Result "0-1"]
[WhiteElo "1654"]
[BlackElo "1944"]
[PlyCount "64"]
[EventDate "2025.07.07"]
[WhiteTeam "Flechtinger Sportverein"]
[BlackTeam "Husumer SV von 1898"]

1. d4 d5 2. c4 e6 3. Nc3 Nf6 4. Nf3 c6 5. a3 a6 6. e3 Nbd7 7. Be2 dxc4 8. Bxc4
b5 9. Bd3 c5 10. Ne5 Bb7 11. Nxd7 Qxd7 12. Bf1 Rd8 13. dxc5 Bxc5 14. Qxd7+ Nxd7
15. b4 Be7 16. Ra2 O-O 17. Rd2 Bf6 18. Ne2 Ne5 19. Rxd8 Rxd8 20. Nd4 Nc6 21.
Nb3 Bc3+ 22. Ke2 Ne5 23. Bd2 Bb2 24. Bc1 Bxc1 25. Nxc1 Nc4 26. Nd3 Nxa3 27. Nc5
Bd5 28. f3 Nc2 29. Nd3 Bc4 30. Kd2 Nxb4 31. Kc3 Nxd3 32. Bxd3 Rxd3+ 0-1

[Event "33. Senioren LEM Sachsen-Anhalt 65+"]
[Site "Maritim-Hotel Magdeburg"]
[Date "2025.07.08"]
[Round "2.27"]
[White "Niebuhr, Gerd"]
[Black "Gehlen, Bernd"]
[Result "1/2-1/2"]
[WhiteElo "1940"]
[BlackElo "1531"]
[PlyCount "33"]
[EventDate "2025.07.07"]
[WhiteTeam "Freibauer Wedemark"]
[BlackTeam "SVG Saarbruecken 1970"]

1. d4 Nf6 2. c4 e6 3. Nc3 d5 4. Nf3 a6 5. e3 c6 6. Bd3 dxc4 7. Bxc4 Be7 8. a4
a5 9. O-O O-O 10. e4 Nbd7 11. Qe2 Qc7 12. Bg5 e5 13. Bxf6 Bxf6 14. d5 Nb6 15.
Bb3 cxd5 16. Nxd5 Nxd5 17. Bxd5 1/2-1/2

[Event "33. Senioren LEM Sachsen-Anhalt 65+"]
[Site "Maritim-Hotel Magdeburg"]
[Date "2025.07.08"]
[Round "2.28"]
[White "Fischer, Emil"]
[Black "Eberhardt, Michael"]
[Result "1-0"]
[WhiteElo "2112"]
[BlackElo "1794"]
[PlyCount "31"]
[EventDate "2025.07.07"]
[WhiteTeam "Schachklub Schweinfurt 2000"]
[BlackTeam "SC Agon Neumuenster"]

1. e4 e6 2. d4 d5 3. Nc3 Nf6 4. e5 Nfd7 5. Nf3 c5 6. dxc5 Bxc5 7. Bd3 Nc6 8.
Bf4 Qc7 9. O-O Ne7 10. Re1 Ng6 11. Bg3 a6 12. Nxd5 Qd8 13. Nc3 O-O 14. Qe2 Bb4
15. h4 Ne7 16. Qe4 1-0

[Event "33. Senioren LEM Sachsen-Anhalt 65+"]
[Site "Maritim-Hotel Magdeburg"]
[Date "2025.07.08"]
[Round "2.29"]
[White "Haelsig, Guenter"]
[Black "Christen, Pierre"]
[Result "1-0"]
[WhiteElo "1945"]
[BlackElo "2008"]
[PlyCount "65"]
[EventDate "2025.07.07"]
[WhiteTeam "USV Potsdam"]
[BlackTeam "Schulschach IGS Trier"]

1. Nf3 Nf6 2. b3 d6 3. d4 g6 4. Bb2 Bg7 5. Nbd2 d5 6. g3 O-O 7. Bg2 Bf5 8. c4
c6 9. O-O Ne4 10. Nh4 Nxd2 11. Qxd2 Be6 12. Rac1 Qd7 13. Rfd1 Na6 14. Nf3 dxc4
15. bxc4 Rad8 16. e4 Bg4 17. d5 Bxb2 18. Qxb2 Bxf3 19. Bxf3 c5 20. e5 b6 21.
Qe2 Qc7 22. Bg4 Qb8 23. f4 Nc7 24. Rc2 Ne8 25. Rcd2 Kg7 26. f5 f6 27. d6 Rg8
28. d7 Nc7 29. exf6+ Kxf6 30. fxg6 Rxg6 31. Rf1+ Kg7 32. Qxe7+ Kh8 33. Rf7 1-0